Исследование процессов погружения свай методом вдавливания с целью обоснования выбора оптимальных параметров сваевдавливающих установок: автореферат диссертации на соискание ученой степени кандидата технических наук; спец. 05.184

Chi tiết về thư mục
Tác giả chính: Буров В. П.
Tác giả của công ty: Омский институт инженеров железнодорожного транспорта (ОмИИТ)
Tác giả khác: Артемьев К. А. (научный руководитель)
Tóm tắt:Защита сост. в декабре 1969 г.
Ngôn ngữ:Tiếng Nga
Được phát hành: Омск, [Б. и.], 1969
Những chủ đề:
Định dạng: Sách
KOHA link:https://koha.lib.tpu.ru/cgi-bin/koha/opac-detail.pl?biblionumber=310036

MARC

LEADER 00000nam0a2200000 4500
001 310036
005 20231102002240.0
035 |a (RuTPU)RU\TPU\book\335377 
090 |a 310036 
100 |a 20151119d1969 k y0rusy50 ca 
101 0 |a rus 
102 |a RU 
105 |a y dm 001zy 
200 1 |a Исследование процессов погружения свай методом вдавливания с целью обоснования выбора оптимальных параметров сваевдавливающих установок  |e автореферат диссертации на соискание ученой степени кандидата технических наук  |e спец. 05.184  |f В. П. Буров  |g Омский институт инженеров железнодорожного транспорта (ОмИИТ) ; науч. рук. К. А. Артемьев 
210 |a Омск  |c [Б. и.]  |d 1969 
215 |a 20 с. 
300 |a Защита сост. в декабре 1969 г. 
320 |a Библиогр.: с. 19-20 (11 назв.) 
606 1 |a Сваи  |x Погружение  |2 stltpush  |3 (RuTPU)RU\TPU\subj\53880  |9 72044 
610 1 |a вдавливание 
610 1 |a изучение 
610 1 |a исследование 
610 1 |a сваевдавливающие установки 
610 1 |a оптимальные погрупогружающие параметры 
610 1 |a подбор 
610 1 |a авторефераты диссертаций 
675 |a 624.155(04)  |v 4 
686 |a 05.184  |2 oksvnk 
700 1 |a Буров  |b В. П. 
702 1 |a Артемьев  |b К. А.  |4 727 
712 0 2 |a Омский институт инженеров железнодорожного транспорта (ОмИИТ)  |c (1961-1994)  |2 stltpush  |3 (RuTPU)RU\TPU\col\7665 
801 1 |a RU  |b 63413507  |c 20151119 
801 2 |a RU  |b 63413507  |c 20160916  |g RCR 
942 |c BK